| 000 | 00766nam a2200265Ia 4500 | ||
|---|---|---|---|
| 003 | GCL | ||
| 008 | 140319s9999 xx 000 0 ara d | ||
| 040 |
_aGCL / _cGCL |
||
| 082 | 0 | 4 |
_a658 _bح م |
| 100 | 1 | _aحسين موسى راغب | |
| 245 | 1 | 0 |
_aالمبادىء العلمية للسياسات والاستراتيجيات الادارية / _cحسين موسى راغب |
| 260 |
_a[S.N] : _bلا يوجد ، _c1993 |
||
| 300 | _a520 ص | ||
| 490 | _a | ||
| 650 | 0 | 4 | _aادارة الاعمال |
| 650 | 0 | 4 | _aالتجارة |
| 650 | 0 | 4 | _aالادارة |
| 650 | 0 | 4 | _aالتسويق |
| 650 | 0 | 4 | _aالبيع |
| 650 | 0 | 4 | _aالتخطيط |
| 650 | 0 | 4 | _aالتنظيم |
| 650 | 0 | 4 | _aالاستهلاك |
| 650 | 0 | 4 | _aالشراء |
| 942 |
_2ddc _cBK |
||
| 999 |
_c36934 _d36934 |
||